Responses for Show #6330 - Friday, March 9, 2012

Contestants

[<< previous game]

Marion Baumgarten, a human resources evaluator from River Forest, Illinois

Galen Benshoof, a project manager in health care from Seattle, Washington

Jessamine Price, a graduate student in creative writing from Greenbelt, Maryland (whose 1-day cash winnings total $9,201)

[next game >>]

Jeopardy! Round responses

THE CHEROKEE NATION
'90s FILM QUOTES
GRAVE MATTERS
FRUITS & VEGETABLES
SALE
THE 7 "C"s
    $200 1
Forrest Gump

Jessamine
    $200 6
(Sigmund) Freud

Jessamine
    $200 11
peaches

Marion
    $200 16
(Marilyn) Monroe

Jessamine
    $200 21
a caboose

Galen
    $400 2
Titanic

Galen
    $400 7
Jefferson Davis

Marion
    $400 12
the Hawkeye

Jessamine
    $400 17
(Marion: What is a cigarette card?)
[Initially ruled incorrect; reversed before Daily Double at clue 26.]

baseball card

GalenMarion
    $400 22
cutlery

Jessamine
    $2,000 26
Oklahoma

Marion
    $600 3
Wayne's World

Galen
    $600 8
Wild Bill Hickok

Galen
    $600 13
quince

Marion
    $600 18
champagne

Triple Stumper
    $600 23
(Jessamin: What is cyanin?)

cyanide

JessamineGalen
    $800 27
the French and Indian War

Jessamine
    $800 4
Jerry Maguire

Jessamine
    $800 9
Jules Verne

Marion
    $800 14
zucchini

Marion
    $800 19
a violin

Marion
    $800 24
cyclone

Jessamine
    $1000 28
[The end-of-round signal sounds.]

Sequoyah

Marion
    $1000 5
Shakespeare in Love

Jessamine
    $1000 10
(Menachem) Begin

Marion
    $1000 15
(Jessamine: What is the peanut?)

sweet potatoes

JessamineMarion
    $1000 20
a watch

Marion
    $1000 25
(Alex: Right you are, with a minute to go.)

clarity

Marion

Scores at the first commercial break (after clue 15):

Jessamine Galen Marion
$1,600 $1,600 $4,800

Scores at the end of the Jeopardy! Round:

Jessamine Galen Marion
$3,200 $2,800 $11,000

Double Jeopardy! Round responses

LITERARY CHARACTER RAP SHEET
ATLANTIC COAST CONFERENCE SCHOOLS
A VERY BRIGHT RESPONSE
SENATE MAJORITY LEADERS
IT'S GREEK TO SOMEBODY
SATURDAY NIGHT LIVE
    $400 7
(Alex: That's the character.)

The Cat In The Hat

Jessamine
    $400 13
the University of Virginia

Marion
    $400 2
a shine

Jessamine
    $400 1
Harry Reid

Jessamine
    $400 14
Chinese

Jessamine
    $400 23
Seth Meyers

Galen
    $800 8
(Marion: Who is Fagan?)

Oliver Twist

GalenMarion
    $800 19
(Galen: What is Vanderbilt?)

Georgia Tech

GalenMarion
    $800 3
a sparkler

Jessamine
    $800 9
LBJ

Galen
    $800 15
(Marion: What is Sanskrit?)

Hindi

JessamineMarion
    $800 24
(Galen: Who is Lorne Meyers?)
(Alex: No.)
(Galen: I'm sorry--who is [*]?)
...
(Alex: Yes, Galen spoke too quickly.)

Lorne Michaels

GalenMarion
    $1200 20
the University of Miami

Galen
    $1200 4
Sheen

Jessamine
    $2,600 10
Bob Dole

Galen
    $1200 16
Hebrew

Jessamine
    $1200 25
a Digital Short

Galen
    $1600 21
the University of North Carolina

Galen
    $1600 5
a glow worm

Jessamine
    $1600 11
(Tom) Daschle

Galen
    $1600 17
(Marion: Uh, what is Otto--Austria-Hu--what is Austrian-Hungarian?)
(Jessamine: What is Hungarian?)
..
(Alex: What is [*]? We talked about Turkey earlier.)

Turkish

JessamineMarion
Triple Stumper
    $1600 26
(Alex: Host of the Oscars--[*].)

Billy Crystal

Triple Stumper
    $2000 22
(Alex: We have about a minute left.)

Florida State

Galen
    $2000 6
[Applause for Jessamine's run of the category.]
(Alex: You did very well in that category. You're a shade off the lead. You're very bright with your responses.)

a blaze

Jessamine
    $2000 12
Sen. Robert Byrd

Triple Stumper
    $2000 18
Esperanto

Galen
    $2000 27
[The end-of-round signal sounds.]

Abby Elliott

Triple Stumper

Scores at the end of the Double Jeopardy! Round:

Jessamine Galen Marion
$10,800 $15,400 $9,800

[wagering suggestions for these scores]

Final Jeopardy! Round responses

MUSICAL INSTRUMENTS
(Alex: Started as Adolph, went on to Arthur, and then the name under which you know him best and which is closely associated with the instrument he played and the one we're looking for.)
...
(Alex: The performer who started off as Adolph wound up as Harpo Marx, so the instrument we're going for is [*].)
MarionWhat is the clarinet?
$9,799
JessamineWhat is the cello?
$799
GalenWhat is the trumpet?
$6,201
the harp

Final scores:

Jessamine Galen Marion
$10,001 $9,199 $1
2-day champion: $19,202 2nd place: $2,000 3rd place: $1,000

Game dynamics:

Coryat scores:

Jessamine Galen Marion
$10,800 $14,000 $8,400
19 R,
3 W
16 R
(including 1 DD),
2 W
16 R
(including 1 DD),
3 W

Combined Coryat: $33,200

[game clues] [game scores] [suggest correction]

Game tape date: 2011-11-29
The J! Archive is created by fans, for fans. Scraping, republication, monetization, and malicious use prohibited; this site may use cookies and collect identifying information. See terms. The Jeopardy! game show and all elements thereof, including but not limited to copyright and trademark thereto, are the property of Jeopardy Productions, Inc. and are protected under law. This website is not affiliated with, sponsored by, or operated by Jeopardy Productions, Inc. Join the discussion at JBoard.tv.